000 00434nam a2200145 i 4500
001 47352
003 ES-MaACL
007 t|
008 030407s1962 sp ||||1| spa d
100 1 _aCorbella AlbiƱana, Enrique.
_940451
245 1 0 _aHerramientas de corte para metales /
_cpor Enrique Corbella AlbiƱana.
260 _aMadrid :
_bDossat,
_c[1962]
300 _aXI, 163 p. :
_bil. ;
_c24 cm.
852 _aES-MaACL
_jE-4677
_bR.51826
999 _c47352
_d47352